Manusia Jin menggangu ketenteraman

Bibliographic Details
Main Author: Usman, K. H. M. Ali (Author)
Format: Book
Published: Jakarta : Bulan Bintang , 1979
Subjects:

MARC

LEADER 00000cam a2200000 7i4500
001 0000005521
005 20191002093000.0
008 021118s1979
090 0 0 |a BF1584.I8   |b U85 1979 
100 0 |a Usman, K. H. M. Ali ,   |e author 
245 0 0 |a Manusia Jin menggangu ketenteraman   |c Usman K.H.M. Ali 
260 2 |a Jakarta :   |b Bulan Bintang ,   |c 1979 
300 |a 167 ms. ;   |c 21 sm. 
650 0 |a Witchcraft 
999 |a 1000000719   |b Book   |c OPEN SHELF (30 DAYS)   |e Gong Badak Campus 
999 |a 1000000720   |b Book   |c OPEN SHELF (30 DAYS)   |e Gong Badak Campus 
999 |a 1000000721   |b Book   |c OPEN SHELF (30 DAYS)   |e Gong Badak Campus 
999 |a 1000000722   |b Book   |c OPEN SHELF (30 DAYS)   |e Gong Badak Campus 
999 |a 1000000723   |b Book   |c OPEN SHELF (30 DAYS)   |e Gong Badak Campus